Informe sobre la consulta acerca de los problemas sociales del país; documento preliminar para discusión
Guardat en:
| Autor corporatiu: | |
|---|---|
| Format: | Text |
| Publicat: |
San José:
MPNPE
|
| Etiquetes: |
Afegir etiqueta
Sense etiquetes, Sigues el primer a etiquetar aquest registre!
|
MARC
| LEADER | 00000 a a2200000 04500 | ||
|---|---|---|---|
| 001 | 24106 | ||
| 003 | |||
| 040 | |||
| 090 | |a 171300 | ||
| 110 | |a Costa Rica. Ministerio de Planificación Nacional y Política Económica | ||
| 245 | |a Informe sobre la consulta acerca de los problemas sociales del país; documento preliminar para discusión | ||
| 260 | |a San José: |b MPNPE | ||
| 300 | |a 22 p. |b **no definido** | ||
| 999 | |c 11346 |d 11346 | ||
